| 000 | 00778nam a22002177a 4500 | ||
|---|---|---|---|
| 003 | OSt | ||
| 005 | 20160530143112.0 | ||
| 008 | 131001t xxu||||| |||| 00| 0 eng d | ||
| 020 | _a0871203359 | ||
| 050 |
_aAS 8 _b.As811 1999 |
||
| 082 |
_aGLT 379.1155 _bAs7 1999 |
||
| 100 |
_aMarsh, David D., ed. _922509 |
||
| 110 |
_aASCD _922510 |
||
| 245 |
_aASCD yearbook 1999 : _bpreparing our schools for the 21st century / _cedited by David D. Marsh. |
||
| 260 |
_aAlexandria, Va : _bAssociation for Supervision and Curriculum Development, _c1999. |
||
| 300 |
_a228 p. : _bill. ; _c24 cm. |
||
| 650 |
_aSchool management and organization _xUnited States _xPeriodicals _922511 |
||
| 650 |
_aSchool supervision _xUnited States _xPeriodicals. _922512 |
||
| 942 |
_2lcc _cBK |
||
| 999 |
_c12545 _d12545 |
||